INSPECTION QUALITY CONTROL AND RELIABILITY (Record no. 8193)

MARC details
000 -LEADER
fixed length control field 00463nam a22001697a 4500
003 - CONTROL NUMBER IDENTIFIER
control field SGT
020 ## - INTERNATIONAL STANDARD BOOK NUMBER
International Standard Book Number 8174090223
082 ## - DEWEY DECIMAL CLASSIFICATION NUMBER
Classification number 620.002
100 ## - MAIN ENTRY--PERSONAL NAME
Personal name SHARMA,S.C.
245 ## - TITLE STATEMENT
Title INSPECTION QUALITY CONTROL AND RELIABILITY
Remainder of title INCLUDING TOTAL QUALITY MANAGEMENT
260 ## - PUBLICATION, DISTRIBUTION, ETC. (IMPRINT)
Place of publication, distribution, etc NEW DELHI
Name of publisher, distributor, etc KHANNA PUBLISHERS
Year of Publication 2008
300 ## - PAGE DESCRIPTION
No. of Pages 252
490 ## - SERIES STATEMENT
Series statement ISO
650 ## - SUBJECT ADDED ENTRY--TOPICAL TERM
Topical term or geographic name as entry element AUTOMOBILE ENGINEERING
653 ## - KEYWORDS--INDEX TERM
Keyword term ISO-9000 QUALITY MANAGEMENT SYSTEM RELIABILITY,
942 ## - ADDED ENTRY ELEMENTS (KOHA)
Source of classification or shelving scheme Dewey Decimal Classification
Koha item type Books
Holdings
Withdrawn status Lost status Source of classification or shelving scheme Damaged status Not for loan Home library Current library Shelving location Date acquired Vendor Name Cost, normal purchase price SGTU Bill Number Total Checkouts Full call number Accession No. (Barcode) Date last seen Bill Date Koha item type
    Dewey Decimal Classification     SGT Engineering Library SGT Engineering Library Text Book 24/12/2015 SPARCH BOOK 445.00 SGTU 1400   620.002 FE6360 24/12/2015   Books
    Dewey Decimal Classification     SGT Engineering Library SGT Engineering Library Text Book 24/12/2015 SPARCH BOOK 445.00 SGTU 1400   620.002 FE6361 24/12/2015   Books